Größte Handelspartnern - Russland - Statistiken

Allgemein
  • Dieses Quiz wurde 177 mal gespielt
  • Das Durchschnittsergebnis liegt bei 15 aus 19
Antwortstatistiken
Exporte Importe Land % Korrekt
68,7 bil 72,7 bil China
99%
29,6 bil 27,4 bil Deutschland
99%
17,3 bil 17,3 bil Vereinigte Staaten
99%
10,7 bil 9,1 bil Japan
95%
9,1 bil 4,4 bil Indien
92%
9,9 bil 12,2 bil Frankreich
91%
8,1 bil 4,2 bil Ukraine
89%
19,3 bil 12,0 bil Italien
85%
22,3 bil 4,5 bil Vereinigtes Königreich
84%
16,7 bil 5,8 bil Polen
82%
23,1 bil 15,6 bil Belarus
78%
26,4 bil 6,5 bil Türkei
77%
9,7 bil 3,6 bil Finnland
76%
18,5 bil 7,1 bil Kasachstan
76%
16,9 bil 13,0 bil Südkorea
74%
42,1 bil 4,3 bil Niederlande
44%
3,6 bil Tschechien
42%
4,9 bil Vietnam
39%
8,7 bil 2,5 bil Belgien
38%
Keine übereinstimmenden Quizze gefunden
Verteilung der Resultate
Anzahl Personen mit jedem Resultat
Perzentil nach korrekt beantworteten Fragen
Ihre Resultats-Entwicklung
Sie haben dieses Quiz noch nicht gespielt